Départements français avec un accent - Statistiques

Statistiques générales
  • Ce quiz a été pris 64 fois
  • Le résultat moyen est 17 sur 22
Statistiques - réponses
HINT ANSWER % Correct
Auvergne-Rhône-Alpes Rhône
90%
Bretagne Côtes-d'Armor
88%
Bretagne Finistère
88%
Nouvelle-Aquitaine Pyrénées-Atlantiques
86%
Occitanie Pyrénées-Orientales
86%
Provence-Alpes-Côte d'Azur Bouches-du-Rhône
83%
Bourgogne-Franche-Comté Côte-d'Or
83%
Occitanie Hautes-Pyrénées
81%
La Réunion La Réunion
79%
Occitanie Lozère
79%
Bourgogne-Franche-Comté Saône-et-Loire
79%
Auvergne-Rhône-Alpes Ardèche
78%
Occitanie Hérault
78%
Auvergne-Rhône-Alpes Isère
78%
Bourgogne-Franche-Comté Haute-Saône
76%
Nouvelle-Aquitaine Corrèze
74%
Auvergne-Rhône-Alpes Drôme
72%
Auvergne-Rhône-Alpes Puy-de-Dôme
72%
Pays de la Loire Vendée
71%
Bourgogne-Franche-Comté Nièvre
69%
Occitanie Ariège
66%
Nouvelle-Aquitaine Deux-Sèvres
60%
Aucun quiz correspondant
Distribution des résultats
% des personnes avec chaque résultat
Percentile par nombre de réponses
Votre historique - résultats
Vous n’avez pas pris ce quiz